000 01231cam a2200361 a 4500
003 CHAP
005 20220329142220.0
008 000223d1996 mx a r 00010 spa d
010 _a80043
011 _a81015
020 _a9681648900
035 _a91474
040 _cCHAP
082 0 4 _a972
_bL65
100 0 0 _aLópez Austin, Alfredo.
_967681
245 1 3 _aEl pasado indígena
_c/por Alfredo López Austin y Leonardo López Luján
260 _aMéxico, D. F. :
_bFondo de Cultura Económica,
_c1996.
300 _a306 p. :
_bilus.
490 0 _aSección de obras de historia
590 _aBATCH-UPD
_b10
_c20130110
_lUCH01
_h0016
590 _aBATCH-UPD
_b10
_c20130110
_lUCH01
_h1531
590 _aBATCH-UPD
_b10
_c20130409
_lUCH01
_h1955
590 _aBATCH-UPD
_b10
_c20130410
_lUCH01
_h0938
590 _aBATCH-UPD
_b10
_c20130914
_lUCH01
_h1731
590 _aCONVERSION
_b10
_c20130109
_lUCH01
_h1344
650 1 4 _aMéxico
_xHistoria
_xEpoca prehispánica.
_976759
700 0 _aLópez Luján, Leonardo.
_968066
830 0 _aSección de obras de historia
_9103507
901 _aBK
905 _aLilia Sánchez G.
942 _cLIBRO
949 _a972 L65
_bBC
_cLIBRO
_d33724000756631
_eLIBRO
_gI.2000807
_h97254
_i91474
_si
_t$106.00
999 _c80043
_d80043